000 01247nab a22002057a 4500
999 _c6074
_d6074
003 OSt
005 20260121175845.0
008 190502c xxu||||| |||| 00| 0 spa d
040 _cPJ
100 _96849
_aTello, Pablo L.
245 1 3 _aEl principio de ne bis in idem en la jurisprudencia de la Corte Suprema. Alcances formales y materiales /
_cPablo L. Tello.
260 _aCiudad Autónoma de Buenos Aires :
_bThomson Reuters La Ley,
_c2024.
300 _ap. 13-26
505 _aSumario: I. Introducción.— II. El alcance de la garantía y las sentencias equiparables a definitivas.— III. Resoluciones nulas, magnitud del vicio y doble juzgamiento.— IV. Nulidad que afecta el debido proceso: “Verbeke”.— V. Calificación, concursos y ne bis in idem: “Videla”, “Heredia”, “Amantia” y “Sica”.— VI. El alcance de la garantía frente al recurso acusador.— VII. Conclusión.
505 _t¿Te interesa el texto completo? Solicitalo al correo: koha@justierradelfuego.gov.ar
650 0 _9343
_aDERECHO PENAL
650 0 _9699
_aFALLOS DE LA CORTE SUPREMA
773 0 _02729
_93180
_dBuenos Aires : LexisNexis, 2006-
_tRevista de derecho penal y procesal penal. Nº 2 - Febrero 2024
_z9875920622
942 _2udc
_cANA